在空白地图上绘制中国高速公路网(包括辅线) - Statistics

General Stats
  • This quiz has been taken 863 times
  • The average score is 90 of 279
Answers on the Map
Answers color-coded by a green-red scale on the quiz's map according to % correct below.
 
Answer Stats
路线类别 序号 路线类别 编号 % Correct
放射线 1 主线 G1 京哈高速
95%
放射线 2 主线 G2 京沪高速
94%
放射线 3 主线 G3 京台高速
87%
放射线 4 主线 G4 京港澳高速
87%
放射线 6 主线 G6 京藏高速
86%
放射线 7 主线 G7 京新高速
85%
放射线 5 主线 G5 京昆高速
84%
地区环线 5 主线 G95 首都环线高速
82%
纵线 2 主线 G15 沈海高速
80%
横线 7 主线 G30 连霍高速
79%
纵线 6 主线 G55 二广高速
78%
横线 13 主线 G60 沪昆高速
77%
纵线 5 主线 G45 大广高速
76%
城市环线 24 G4501 北京绕城高速
76%
城市环线 17 G2504 杭州绕城高速
73%
都市圈环线 3 主线 G9903 杭州都市圈环线
73%
横线 10 主线 G42 沪蓉高速
72%
纵线 3 主线 G25 长深高速
71%
纵线 8 主线 G65 包茂高速
71%
地区环线 6 主线 G98 海南环线高速
71%
城市环线 5 G1503 上海绕城高速
71%
城市环线 3 G1001 哈尔滨绕城高速
70%
城市环线 8 G1508 广州绕城高速
70%
城市环线 23 G4202 成都绕城高速
70%
都市圈环线 1 主线 G9901 哈尔滨都市圈环线
70%
都市圈环线 10 主线 G9910 成都都市圈环线
70%
横线 11 主线 G50 沪渝高速
68%
城市环线 22 G4201 武汉绕城高速
68%
都市圈环线 6 主线 G9906 武汉都市圈环线
68%
城市环线 4 G1501 沈阳绕城高速
67%
城市环线 14 G2501 长春绕城高速
67%
城市环线 16 G2503 南京绕城高速
67%
城市环线 25 G5001 重庆绕城高速
67%
都市圈环线 2 主线 G9902 长春都市圈环线
67%
都市圈环线 4 主线 G9904 南京都市圈环线
67%
都市圈环线 9 主线 G9909 重庆都市圈环线
67%
城市环线 1 G0401 长沙绕城高速
66%
城市环线 9 G2001 济南绕城高速
66%
城市环线 19 G3002 西安绕城高速
66%
都市圈环线 8 主线 G9908 西安都市圈环线
66%
都市圈环线 11 主线 G9911 济南都市圈环线
66%
横线 5 主线 G20 青银高速
65%
横线 9 主线 G40 沪陕高速
65%
横线 12 主线 G56 杭瑞高速
65%
地区环线 3 主线 G93 成渝环线高速
65%
城市环线 7 G1505 福州绕城高速
65%
城市环线 18 G3001 郑州绕城高速
65%
都市圈环线 5 主线 G9905 郑州都市圈环线
65%
城市环线 26 G5601 昆明绕城高速
64%
纵线 1 主线 G11 鹤大高速
63%
纵线 4 主线 G35 济广高速
63%
横线 1 主线 G10 绥满高速
63%
城市环线 20 G3003 乌鲁木齐绕城高速
63%
纵线 10 主线 G75 兰海高速
62%
横线 4 主线 G18 荣乌高速
62%
横线 8 主线 G36 宁洛高速
62%
地区环线 4 主线 G94 珠三角环线高速
62%
城市环线 10 G2002 石家庄绕城高速
62%
城市环线 11 G2003 太原绕城高速
61%
城市环线 13 G2201 兰州绕城高速
61%
城市环线 15 G2502 天津绕城高速
61%
城市环线 28 G6001 南昌绕城高速
61%
城市环线 30 G7201 南宁绕城高速
61%
横线 6 主线 G22 青兰高速
60%
横线 14 主线 G70 福银高速
60%
横线 18 主线 G80 广昆高速
59%
地区环线 1 主线 G91 辽中环线高速
59%
城市环线 12 G2004 银川绕城高速
59%
城市环线 29 G6002 贵阳绕城高速
59%
城市环线 21 G4001 合肥绕城高速
58%
城市环线 27 G5901 呼和浩特绕城高速
58%
都市圈环线 12 主线 G9912 合肥都市圈环线
58%
城市环线 2 G0601 西宁绕城高速
57%
横线 16 主线 G76 厦蓉高速
56%
纵线 7 主线 G59 呼北高速
55%
纵线 11 主线 G85 银昆高速
55%
横线 3 主线 G16 丹锡高速
55%
横线 17 主线 G78 汕昆高速
55%
地区环线 2 主线 G92 杭州湾环线高速
55%
横线 15 主线 G72 泉南高速
53%
横线 2 主线 G12 珲乌高速
52%
城市环线 6 G1504 宁波绕城高速
51%
纵线 9 主线 G69 银百高速
50%
放射线 4 并行线 G0421 许广高速
49%
放射线 1 并行线 G0121 京秦高速
44%
放射线 4 并行线 G0422 武深高速
44%
横线 10 联络线 G4218 雅叶高速
43%
放射线 3 并行线 G0321 德上高速
42%
放射线 1 联络线 G0111 秦滨高速
39%
放射线 4 并行线 G0425 广澳高速
36%
纵线 2 并行线 G1523 甬莞高速
36%
横线 10 并行线 G4221 沪武高速
36%
放射线 6 联络线 G0613 西丽高速
35%
放射线 4 并行线 G0424 京武高速
34%
纵线 2 联络线 G1511 日兰高速
33%
横线 7 联络线 G3012 吐和高速
33%
放射线 4 并行线 G0423 乐广高速
32%
纵线 11 联络线 G8511 昆磨高速
32%
纵线 2 联络线 G1516 盐洛高速
31%
放射线 6 联络线 G0612 西和高速
30%
横线 14 联络线 G7011 十天高速
30%
放射线 2 联络线 G0211 津石高速
29%
纵线 2 并行线 G1522 常台高速
29%
都市圈环线 7 主线 G9907 长株潭都市圈环线
29%
横线 1 联络线 G1011 哈同高速
28%
放射线 6 联络线 G0611 张汶高速
26%
纵线 3 联络线 G2518 深岑高速
26%
纵线 4 联络线 G3511 菏宝高速
26%
横线 2 联络线 G1211 吉黑高速
26%
横线 4 联络线 G1811 黄石高速
26%
横线 9 联络线 G4012 溧宁高速
26%
横线 10 联络线 G4217 蓉昌高速
26%
横线 12 联络线 G5611 大丽高速
26%
横线 12 联络线 G5615 天猴高速
26%
横线 13 并行线 G6021 杭长高速
26%
放射线 1 并行线 G0122 秦沈高速
25%
纵线 2 并行线 G1521 常嘉高速
25%
横线 7 联络线 G3011 柳格高速
25%
横线 7 联络线 G3014 奎阿高速
25%
放射线 3 并行线 G0322 京德高速
24%
放射线 7 联络线 G0711 乌若高速
24%
纵线 1 联络线 G1111 鹤哈高速
24%
纵线 3 联络线 G2516 东吕高速
24%
纵线 6 联络线 G5511 集阿高速
24%
横线 2 联络线 G1212 沈吉高速
24%
横线 11 联络线 G5013 渝蓉高速
24%
放射线 4 联络线 G0412 深南高速
23%
纵线 2 联络线 G1512 甬金高速
23%
纵线 2 联络线 G1514 宁上高速
23%
纵线 3 联络线 G2513 淮徐高速
23%
纵线 10 并行线 G7521 渝筑高速
23%
横线 1 联络线 G1012 建黑高速
23%
横线 1 联络线 G1013 海张高速
23%
地区环线 2 并行线 G9221 杭绍甬高速
23%
纵线 2 联络线 G1513 温丽高速
22%
纵线 2 联络线 G1517 莆炎高速
22%
纵线 8 并行线 G6522 延西高速
22%
横线 2 并行线 G1221 延长高速
22%
横线 4 联络线 G1812 沧榆高速
22%
横线 4 联络线 G1813 威青高速
22%
横线 10 联络线 G4215 蓉遵高速
22%
横线 15 联络线 G7211 南友高速
22%
放射线 3 联络线 G0311 济聊高速
21%
放射线 5 联络线 G0512 成乐高速
21%
纵线 1 联络线 G1113 丹阜高速
21%
纵线 2 联络线 G1515 盐靖高速
21%
横线 4 联络线 G1816 乌玛高速
21%
横线 10 联络线 G4216 蓉丽高速
21%
地区环线 4 联络线 G9411 莞佛高速
21%
纵线 3 联络线 G2511 新鲁高速
20%
横线 1 联络线 G1015 铁科高速
20%
横线 4 联络线 G1815 潍日高速
20%
横线 5 联络线 G2012 定武高速
20%
横线 6 联络线 G2211 长延高速
20%
横线 11 联络线 G5011 芜合高速
20%
横线 12 并行线 G5621 昆大高速
20%
地区环线 2 联络线 G9211 甬舟高速
20%
地区环线 5 联络线 G9511 涞涞高速
20%
纵线 8 并行线 G6521 榆蓝高速
19%
放射线 1 联络线 G0112 长辽高速
18%
放射线 2 联络线 G0212 武滨高速
18%
放射线 5 联络线 G0511 德都高速
18%
放射线 6 联络线 G0615 德康高速
18%
纵线 1 联络线 G1112 集双高速
18%
纵线 3 联络线 G2517 沙厦高速
18%
纵线 6 联络线 G5513 长张高速
18%
横线 2 联络线 G1213 北漠高速
18%
横线 5 联络线 G2011 青新高速
18%
横线 9 联络线 G4011 扬溧高速
18%
横线 10 联络线 G4211 宁芜高速
18%
横线 10 联络线 G4213 麻安高速
18%
地区环线 6 联络线 G9813 万洋高速
18%
放射线 3 并行线 G0323 济合高速
17%
纵线 5 联络线 G4513 奈营高速
17%
纵线 5 联络线 G4515 赤绥高速
17%
横线 4 联络线 G1817 乌银高速
17%
横线 7 联络线 G3015 奎塔高速
17%
横线 10 联络线 G4212 合安高速
17%
横线 10 联络线 G4219 曲乃高速
17%
横线 10 并行线 G4223 武渝高速
17%
横线 13 联络线 G6011 南韶高速
17%
纵线 3 联络线 G2512 阜锦高速
16%
纵线 5 联络线 G4512 双嫩高速
16%
纵线 6 联络线 G5515 张南高速
16%
纵线 10 联络线 G7512 筑蓉高速
16%
横线 11 联络线 G5012 恩广高速
16%
横线 15 联络线 G7212 柳北高速
16%
放射线 5 联络线 G0513 平洛高速
15%
纵线 1 联络线 G1115 鸡建高速
15%
纵线 6 联络线 G5512 晋新高速
15%
横线 7 联络线 G3018 精阿高速
15%
地区环线 1 联络线 G9111 本集高速
15%
地区环线 6 联络线 G9812 海琼高速
15%
放射线 4 联络线 G0411 安长高速
14%
放射线 6 联络线 G0616 乌甘高速
14%
纵线 2 联络线 G1534 厦金高速
14%
纵线 2 联络线 G1536 莞广高速
14%
纵线 8 联络线 G6517 梧柳高速
14%
纵线 10 联络线 G7511 钦东高速
14%
纵线 11 联络线 G8513 平绵高速
14%
横线 4 联络线 G1818 滨德高速
14%
横线 7 联络线 G3016 清伊高速
14%
横线 7 联络线 G3031 商固高速
14%
横线 11 并行线 G5021 石渝高速
14%
横线 14 并行线 G7021 宁武高速
14%
横线 16 联络线 G7611 都香高速
14%
横线 18 联络线 G8011 开河高速
14%
放射线 7 联络线 G0712 额策高速
13%
纵线 2 联络线 G1519 通如高速
13%
纵线 2 联络线 G1531 沪慈高速
13%
纵线 5 联络线 G4511 龙河高速
13%
纵线 10 并行线 G7522 筑北高速
13%
横线 3 联络线 G1612 锡二高速
13%
横线 12 联络线 G5612 大临高速
13%
横线 12 联络线 G5613 保泸高速
13%
放射线 4 联络线 G0413 新忻高速
12%
纵线 1 联络线 G1131 牡延高速
12%
纵线 2 联络线 G1518 盐蚌高速
12%
纵线 9 联络线 G6911 安来高速
12%
横线 8 联络线 G3611 宁信高速
12%
横线 10 并行线 G4222 和襄高速
12%
纵线 1 联络线 G1117 绥北高速
11%
纵线 1 联络线 G1118 抚长高速
11%
纵线 1 联络线 G1119 白临高速
11%
纵线 2 联络线 G1532 泉梅高速
11%
纵线 3 并行线 G2531 杭上高速
11%
纵线 6 联络线 G5516 苏张高速
11%
纵线 11 联络线 G8512 景打高速
11%
横线 3 联络线 G1611 克承高速
11%
横线 7 联络线 G3017 武金高速
11%
横线 7 并行线 G3021 临兴高速
11%
横线 7 联络线 G3036 阿阿高速
11%
横线 9 联络线 G4013 扬乐高速
11%
横线 10 联络线 G4231 宁九高速
11%
横线 15 联络线 G7221 衡南高速
11%
横线 18 联络线 G8013 砚文高速
11%
纵线 3 联络线 G2515 鲁霍高速
10%
纵线 4 联络线 G3512 寻赣高速
10%
纵线 11 联络线 G8515 广泸高速
10%
横线 1 联络线 G1017 海加高速
10%
横线 8 联络线 G3612 平宜高速
10%
横线 9 联络线 G4015 丹宁高速
10%
横线 18 联络线 G8012 弥楚高速
10%
纵线 1 联络线 G1116 伊北高速
9%
纵线 2 联络线 G1533 泉金高速
9%
纵线 2 联络线 G1535 潮南高速
9%
纵线 6 联络线 G5517 常长高速
9%
横线 2 联络线 G1215 松长高速
9%
横线 2 联络线 G1216 乌阿高速
9%
横线 7 联络线 G3013 阿伊高速
9%
横线 8 联络线 G3615 洛卢高速
9%
纵线 3 联络线 G2519 康沈高速
8%
纵线 5 并行线 G4521 南龙高速
8%
纵线 6 联络线 G5518 晋潼高速
8%
横线 1 联络线 G1016 双宝高速
8%
横线 7 联络线 G3019 博阿高速
8%
横线 7 联络线 G3033 奎库高速
8%
横线 8 联络线 G3613 洛内高速
8%
横线 11 联络线 G5015 武岳高速
8%
横线 11 联络线 G5016 宜华高速
8%
横线 12 联络线 G5618 临清高速
8%
横线 13 联络线 G6012 曲弥高速
8%
地区环线 6 联络线 G9811 海乐高速
8%
横线 14 联络线 G7012 抚吉高速
7%
横线 16 联络线 G7612 纳兴高速
7%
纵线 7 联络线 G5911 朔太高速
6%
纵线 7 联络线 G5912 房五高速
6%
纵线 8 联络线 G6512 秀从高速
6%
纵线 11 联络线 G8516 巴蓉高速
6%
横线 7 联络线 G3032 永海高速
6%
横线 12 联络线 G5616 安吉高速
6%
横线 12 联络线 G5617 临勐高速
6%
横线 13 并行线 G6025 洞三高速
6%
纵线 8 联络线 G6511 安清高速
5%
纵线 11 联络线 G8517 屏兴高速
5%
横线 7 联络线 G3035 伊新高速
5%
横线 13 并行线 G6022 醴娄高速
5%
横线 13 并行线 G6023 南凤高速
5%
横线 14 联络线 G7013 沙南高速
5%
No matching quizzes found
Score Distribution
Percent of People with Each Score
Percentile by Number Answered
Your Score History
You have not taken this quiz